| 000 | 00494cam a2200193ua 4500 | ||
|---|---|---|---|
| 020 | _c25.00 | ||
| 041 |
_aeng _h |
||
| 082 |
_a923.2 _bNAN/TH |
||
| 100 | _aNandurkar, G M. | ||
| 245 |
_aThis was Sardar: The commemorative volume / _cG M Nandurkar. _hTextual Documents |
||
| 250 |
_a1 / _b. |
||
| 260 |
_a : _bSardar Vallab Bhai Patel Smaraka Bhavan , _c1974. |
||
| 300 | _a464 ; . | ||
| 365 | _a25.00 | ||
| 500 | _a**Reference | ||
| 504 | _a | ||
| 942 | _cBK | ||
| 999 |
_c7588 _d7588 |
||